Cuestiones místicas /
Tallennettuna:
| Päätekijä: | |
|---|---|
| Aineistotyyppi: | Kirja |
| Kieli: | espanja |
| Sarja: | (Biblioteca de Autores Cristianos ; Ascética y Mística)
154. |
| Aiheet: | |
| Tagit: |
Ei tageja, Lisää ensimmäinen tagi!
|
MARC
| LEADER | 00000nam^a2200000^a^4500 | ||
|---|---|---|---|
| 001 | 000392515 | ||
| 005 | 20250521000000.0 | ||
| 009 | 20260310121242.765 | ||
| 037 | |a Acervo Xavier Clavigero | ||
| 041 | |a ESP | ||
| 082 | |a 200. |b BAC V. 154 | ||
| 100 | |a Arintero, Juan G. |e (autor) | ||
| 245 | 1 | 0 | |a Cuestiones místicas / |c J.G. Arintero ; introd. de Sabino M. Lozano. |
| 264 | |a Madrid, España : |b Editorial Católica, |c 1956 | ||
| 300 | |a LVI, 690 p. | ||
| 336 | |a texto |b txt |2 rdacontenido | ||
| 337 | |a sin mediación |b n |2 rdamedio | ||
| 338 | |a volumen |b nc |2 rdasoporte | ||
| 440 | 1 | |a (Biblioteca de Autores Cristianos ; |v 154. |p Ascética y Mística) | |
| 649 | |a XX | ||
| 650 | |a Vida Espiritual | ||
| 650 | |a Contemplación | ||
| 650 | |a Misticismo - |x Tema Principal | ||
| 650 | |a Ascetismo | ||
| 650 | |a Espiritualidad | ||
| 650 | |a Teología Doctrinal | ||
| 650 | |a Catolicismo | ||
| 650 | |a Cristianismo | ||
| 650 | |a Religión | ||
| 910 | |a Fondo General | ||
| 920 | |a Impresos - Libros | ||
| 930 | |a Colección General | ||
| 905 | |a 101 | ||
| 901 | |a 046443 |b IT1 |c ACC |u 20250521 | ||
| 902 | |a https://opac.biblio.iteso.mx/vufind/Record/000392515 | ||